Transferencia de calor
| Main Author: | |
|---|---|
| Format: | Section = Libro |
| Language: | Undetermined Spanish |
| Published: |
Bogotá
McGraw-Hill
1979
|
| Subjects: |
| LEADER | 00668nam a2200241Ia 4500 | ||
|---|---|---|---|
| 008 | 240830s9999 xx 000 0 und d | ||
| 020 | |a 0-07-091944-5 | ||
| 040 | |a CEDOC FIQ-RUSB / 621.4022 O99 | ||
| 041 | |a spa | ||
| 082 | |a 621.4022 O99 | ||
| 100 | 1 | |a Ozisik, M. Necati | |
| 245 | 1 | 0 | |a Transferencia de calor |
| 260 | |a Bogotá |b McGraw-Hill |c 1979 | ||
| 300 | |a 1059 p. :il | ||
| 650 | 7 | |a TRANFERENCIA DE CALOR | |
| 650 | 7 | |b CONDUCCION DE CALOR | |
| 650 | 7 | |c ANALISIS DE LA CONVECCION | |
| 650 | 7 | |d RADIACION TERMICA | |
| 650 | 7 | |e INTERCAMBIADORES DE CALOR | |
| 650 | 7 | |f CONDESACION, EVAPORACION, EBULLICION | |
| 942 | |c BK |2 ddc | ||
| 991 | |a TEXTO | ||
| 999 | |c 14194 | ||